Teboilin huoltoasemat - Statistics

Yleistilastot
  • Tätä visaa on pelattu 42 kertaa
  • Keskiarvotulos 24 / 51
Vastaustilastot
Maakunta Asema % Oikein
Etelä-Karjala Lappeenranta Pallo
80%
Pirkanmaa Tampere Aitolahti
80%
Pirkanmaa Tampere Lielahti
80%
Uusimaa Helsinki Itäväylä
76%
Uusimaa Helsinki Munkkivuori
72%
Uusimaa Helsinki Pakila
72%
Uusimaa Helsinki Ruskeasuo
72%
Pohjois-Karjala Joensuu Kovero
72%
Uusimaa Espoo Kivenlahti
68%
Etelä-Savo Mikkeli Johtokatu
68%
Pohjois-Savo Kuopio Rastaantie
64%
Satakunta Pori Impola
64%
Satakunta Pori Yyteri
64%
Varsinais-Suomi Turku Rautatehtaankatu
64%
Varsinais-Suomi Turku Runosmäki
64%
Uusimaa Vantaa Avia
64%
Uusimaa Vantaa Koivuhaka
64%
Uusimaa Vantaa Tammisto
64%
Uusimaa Vantaa Tikkurila
64%
Etelä-Karjala Imatra Lappeentie
60%
Etelä-Karjala Imatra Vuoksenniska
60%
Pirkanmaa Nokia Keskusta
60%
Varsinais-Suomi Salo Helsingintie
60%
Etelä-Savo Savonlinna Kallislahti
56%
Pohjanmaa Vaasa Laturintie
56%
Päijät-Häme Heinola Tähtihovi
52%
Keski-Suomi Jämsä Keskusta
52%
Uusimaa Hyvinkää Kehäkuja
40%
Uusimaa Järvenpää
40%
Lappi Levi Kittilä
40%
Pohjois-Karjala Kitee
36%
Pirkanmaa Lempäälä Pirkanhovi
36%
Uusimaa Kerava Kannisto
32%
Etelä-Karjala Rautjärvi Simpele
32%
Kainuu Suomussalmi Turjanhovi
32%
Pohjois-Savo Siilinjärvi Simonsalo
28%
Pohjois-Savo Siilinjärvi Vuorela Siilinhovi
28%
Pirkanmaa Ylöjärvi Kuusisto
28%
Etelä-Pohjanmaa Alajärvi
24%
Etelä-Savo Kangasniemi Lapaskangas
24%
Keski-Pohjanmaa Kaustinen
24%
Lappi Tervola Peura
24%
Uusimaa Kauniainen
20%
Pohjois-Savo Joroinen
16%
Pohjois-Karjala Liperi Käsämä
16%
Varsinais-Suomi Paimio
16%
Pohjois-Savo Varkaus Käpykangas
16%
Keski-Suomi Karstula
12%
Pohjois-Savo Kiuruvesi
12%
Pohjois-Savo Suonenjoki Keskusta
12%
Pohjanmaa Mustasaari Helsingby
8%
Ehtoja vastaavia visoja ei löytynyt
Tulosjakauma
Jokaisen tuloksen saaneiden osuus
Persentiili vastausten määrän mukaan
Tuloshistoriasi
Et ole pelannut tätä visaa